|
|
|
|
| LEADER |
00000nam0a2200000 4500 |
| 001 |
29334 |
| 005 |
20231101205913.0 |
| 010 |
|
|
|a 5320003641
|
| 035 |
|
|
|a (RuTPU)RU\TPU\book\29594
|
| 035 |
|
|
|a BOOK00000003
|
| 090 |
|
|
|a 29334
|
| 100 |
|
|
|a 20011209d2000 m y0rusy50 ca
|
| 101 |
0 |
|
|a rus
|
| 102 |
|
|
|a RU
|
| 105 |
|
|
|a a z 001ay
|
| 200 |
1 |
|
|a Сочинения
|e Песни. Стихи. Пьесы. Статьи и очерки
|f Ю. Ч. Ким
|
| 210 |
|
|
|a Москва
|c Локид
|d 2000
|
| 215 |
|
|
|a 575 с.
|c ил.
|
| 225 |
1 |
|
|a Голоса. Век XX
|
| 320 |
|
|
|a Библиогр.: с. 554-564.
|
| 320 |
|
|
|a Алф. каталог песен: с. 564-567.
|
| 610 |
1 |
|
|a песни
|
| 610 |
1 |
|
|a пьесы
|
| 610 |
1 |
|
|a статьи
|
| 610 |
1 |
|
|a очерки
|
| 675 |
|
|
|a Р2
|v 3
|
| 700 |
|
1 |
|a Ким
|b Ю. Ч.
|c русский поэт
|c драматург
|c бард
|c псевдоним Юлий Михайлов
|f 1936-
|g Юлий Черсанович
|2 stltpush
|3 (RuTPU)RU\TPU\pers\1429
|9 632
|
| 801 |
|
0 |
|a RU
|b 63413507
|c 20011209
|g PSBO
|
| 801 |
|
2 |
|a RU
|b 63413507
|c 20161110
|g PSBO
|
| 942 |
|
|
|c BK
|